00763nam a2200217Ia 4500003000400000008004100004020002700045040000800072100001900080245008500099260004900184300001400233365001200247440004000259901002200299902003600321903005800357942001200415952009900427999001900526LDD181029s9999 xx 000 0 und d a9781350048577cP 28.99 cLDD aNado, Jennifer 0aAdvances in experimental philosophy and philosophical methodologycJennifer Nado aLondonbBloomsbury Academic Publishingc2017 aviii, 179 bP 28.99 aAdvances in Experimental Philosophy a17049b04-12-2017 a1501b12-02-2018cFdBRIGHTeIT aDiscount-20bReqst by : Nandini Sinha Kapur  2ddccBK 00102ddc40709126717aLDDbLDDl0o107.2 Ad951p110065r2018-11-01v2580.68w2018-11-01yBK c126718d126718